Položenie o tovariščeskich sudach Ėstonskoj SSR

Titel: Položenie o tovariščeskich sudach Ėstonskoj SSR : kommentirovannoe izdanie
Veröffentlicht: Tallin : Ėėsti Raamat, 1971
Umfang: 131 S.
Format: Buch
Sprache: Russisch
Kein Bild verfügbar
X
Lokale Klassifikation: 47 12 M
alg: 28895491
001A    $03004:03-02-12 
001B    $01999:25-04-21 $t10:51:20.000 
001C    $03004:03-02-12 $t10:50:19.000 
001D    $03004:03-02-12 
001U    $0utf8 
001X    $00 
002@    $0Aau 
003@    $0288954912 
003O    $067627141 $aOCoLC 
007A    $0288954912 $aHEB 
007G    $0DE020A96C242C38F171F4C12579AA002E34E8 
007T    $0Herdhh288954912 
009P    $qapplication/pdf $A2 $3Inhaltsverzeichnis $uhttp://scans.hebis.de/HEBCGI/show.pl?28895491_toc.pdf $mV:DE-603;B:DE-Mb50 
010@    $arus 
011@    $a1971 
021A    $aPoloženie o tovariščeskich sudach Ėstonskoj SSR $dkommentirovannoe izdanie 
033A    $pTallin $nĖėsti Raamat 
034D    $a131 S. 
045F    $a340.09 $eDDC23BSB 
045F/01 $a340.09 
045F/03 $g4798 
046L    $aIn kyrill. Schr., russ. 

lok: 28895491 24
101B    $003-02-12 $t10:54:22.000 
101C    $003-02-12 
101U    $0utf8 
145Z/01 $a47 12 M 

exp: 28895491 24 1 #EPN
201B/01 $003-02-12 $t10:54:22.000 
201C/01 $030-01-12 
201U/01 $0utf8 
203@/01 $0637254619 
208@/01 $a03-02-12 $bz 
209A/01 $a12.00447 $du $f050 $h12 00447 $x00 
209C/01 $a12.00447 G $h12 00447 G 
209G/01 $a72946502 $x00 
220C/01 $amar 
247C/01 $8358050-7 Marburg, Bibliothek des Herder-Instituts Marburg $9102600961 

lok: 28895491 78

exp: 28895491 78 1 #EPN
201B/01 $019-04-17 $t22:03:44.000 
201U/01 $0utf8 
203@/01 $0793881447 
208@/01 $a12-11-16 $be 
209A/01 $a/ $f000 $x00 
237A/01 $aIn kyrill. Schr., russ. - weiterführende Signatur(en): Herder-Institut: 12.00447 
244Z/01 $2Trx $#Estija $#Igaunija $#Estland $#Estonia $#Estonia $#Estónsko $#Estonsko $8--Trx--Eesti $x01 $9391237225 
245Z/01 $a07.02 $x01 
247C/01 $82080>Marburg/Lahn, Herder-Institut, Forschungsbibliothek, Bibliographieportal $9336309341
LEADER 00000cam a2200000 c 4500
001 288954912
003 DE-603
005 20210425105120.0
007 tu
008 120203s1971 xx |||| | u00||u|rus c
035 |a (DE-599)HEB288954912 
035 |a (OCoLC)67627141 
040 |a DE-603  |b ger  |c DE-603  |d DE-603 
041 |a rus 
082 0 4 |8 1\u  |a 340.09  |q DE-101  |2 23/BSB 
085 |8 1\u  |b 340.09 
085 |8 1\u  |z 2  |s 4798 
245 0 0 |a Položenie o tovariščeskich sudach Ėstonskoj SSR  |b kommentirovannoe izdanie 
264 1 |a Tallin  |b Ėėsti Raamat  |c 1971 
300 |a 131 S. 
546 |a In kyrill. Schr., russ. 
856 4 2 |m V:DE-603;B:DE-Mb50  |q application/pdf  |u http://scans.hebis.de/HEBCGI/show.pl?28895491_toc.pdf  |3 Inhaltsverzeichnis 
924 0 |9 Mb 50  |a (DE-603)637254619  |b DE-Mb50  |c HES  |d c  |g 12.00447 
924 0 |9 2080  |a (DE-603)793881447  |b DE-2080  |c HES  |d d  |g /